00329nam a2200121Ia 4500003000400000008004100004040001600045082001700061245003300078260008000111300001100191490000500202GCL140319s9999 xx 000 0 ara d aGCL / cGCL04a814.9bس ع10aعلى مقهى الحياة a[S.N] : bالهيئة المصرية العامة للكتاب ، c1988 a326 ص a